000 00440cam a2200181ua 4500
001 8700
008 150212n ii |||gr||||Z||||||eng
040 _cMAIN
041 _aeng
082 _a330.1543
100 _aChiang, A. C.,
_eAuthor.
245 1 _aFundamental methods of mathematical econimics
_cBy Alpha C. Chiang
250 _a3rd.
260 _aNew Delhi:
_bMcgraw,
_c1984.
300 _a788p.
653 _aEconomics
942 _cBK
999 _c7798
_d7798